[Event "Minsk BLR"]
[Site "Minsk BLR"]
[Date "1982.??.??"]
[Round "?"]
[White "Yudasin, Leonid G"]
[Black "Inkiov, Ventzislav V"]
[Result "1-0"]
[WhiteElo "2475"]
[BlackElo "2495"]
[PlyCount "25"]
[EventDate "1982.??.??"]
[Source "www.chesslib.no"]
[SourceDate "2004.05.04"]

1. e4 e5 2. Nf3 Nc6 3. Bb5 f5 4. d3 fxe4 5. dxe4 Nf6 6. O-O Bc5 7. Nc3 O-O 8. a3 d6 9. Na4 Bb6 10. Nxb6 axb6 11. c3 Kh8 12. Re1 Qe8 13. Qc2 1-0

[Event "West Berlin"]
[Site "?"]
[Date "1986.??.??"]
[Round "?"]
[White "Kindermann, S."]
[Black "Inkiov, V."]
[Result "1/2-1/2"]
[WhiteElo "2485"]
[BlackElo "2480"]
[PlyCount "116"]
[EventDate "1986.??.??"]
[Source "ChessBase"]
[SourceDate "1986.07.01"]

1. e4 e5 2. Nf3 Nc6 3. Bb5 f5 4. d3 fxe4 5. dxe4 Nf6 6. Qd3 Bb4+ 7. c3 Bc5 8. O-O d6 9. a4 a6 10. Bc4 Qe7 11. Nbd2 Be6 12. b4 Ba7 13. Bxe6 Qxe6 14. Nc4 h6 15. Be3 O-O 16. Bxa7 Rxa7 17. Ne3 Ne7 18. Nd2 Nh5 19. Qc4 Qxc4 20. Ndxc4 Nf4 21. Ra2 Raa8 22. f3 b6 23. g3 Nh5 24. Kg2 Nf6 25. Rd1 Rac8 26. Rad2 Rf7 27. a5 b5 28. Na3 Nc6 29. Nac2 Rcf8 30. Nf5 Kh7 31. Ne1 g6 32. Ne3 h5 33. h4 Rg8 34. Nd3 Ne7 35. Nf2 g5 36. hxg5 Rxg5 37. Rh1 Rfg7 38. Rh3 Kg8 39. Kh2 Rf7 40. Nd3 Rgg7 41. Rf2 Rg5 42. Rf1 d5 43. exd5 Nfxd5 44. Nxd5 Nxd5 45. Nc5 Ne3 46. Re1 Rxf3 47. Nxa6 h4 48. Rxh4 Rgxg3 49. Rg1 Rxg1 50. Kxg1 Rf1+ 51. Kh2 Rf2+ 52. Kg1 Rf1+ 53. Kh2 Rf2+ 54. Kg3 Rc2 55. Re4 Rxc3 56. Kf2 Nc4 57. Nxc7 Nxa5 58. Nxb5 Rc2+ 1/2-1/2

[Event "It (Men) Kish IRI"]
[Site "?"]
[Date "2005.02.02"]
[Round "1"]
[White "Mahjoob Morteza"]
[Black "Agamaliev Gamil"]
[Result "0-1"]
[WhiteElo "2445"]
[BlackElo "2516"]
[PlyCount "98"]
[EventDate "2005.??.??"]
[Source "www.chesslib.no"]
[SourceDate "2004.05.04"]

1. e4 e5 2. Nf3 Nc6 3. Bb5 f5 4. d3 fxe4 5. dxe4 Nf6 6. Nc3 d6 7. h3 Be7 8. Be3 O-O 9. Qe2 Kh8 10. O-O-O Bd7 11. Bc4 Qe8 12. Nd5 Nxd5 13. Bxd5 Nb4 14. Bb3 a5 15. a3 a4 16. Bc4 b5 17. axb4 bxc4 18. Qxc4 Qc8 19. Qd3 Be6 20. Bd2 c5 21. b5 a3 22. c4 axb2+ 23. Kxb2 Ra4 24. Rc1 Qb7 25. Qb3 Rfa8 26. Rhe1 Qa7 27. Re3 Rxc4 28. b6 Rc2+ 29. Kxc2 Bxb3+ 30. Rxb3 Qa4 31. b7 Rb8 32. Kb2 Qxe4 33. Ra1 h6 34. Ra7 Qc6 35. Ba5 c4 36. Rb6 Qd5 37. Bc3 Kh7 38. Ra5 Qe4 39. Nd2 Qxg2 40. f3 Bg5 41. Ra8 Rxb7 42. Rxb7 Bxd2 43. Rf8 Bf4+ 44. Kb1 Qf1+ 45. Ka2 Qe2+ 46. Rb2 Qxf3 47. Bb4 Qd5 48. Bc3 Qd3 49. Bb4 c3 0-1

[Event "III Open"]
[Site "Palma di Maiorca SPA"]
[Date "2008.12.07"]
[Round "2"]
[White "Safarli, E."]
[Black "Karim, I."]
[Result "1-0"]
[WhiteElo "2568"]
[BlackElo "2392"]
[PlyCount "95"]
[EventDate "2008.12.06"]
[Source "www.chesslib.no"]
[SourceDate "2004.05.04"]

1. e4 e5 2. Nf3 Nc6 3. Bb5 f5 4. d3 fxe4 5. dxe4 Nf6 6. Qe2 Bc5 7. Qc4 d6 8. Nc3 Bd7 9. O-O Qe7 10. b4 Nxb4 11. Bxd7+ Nxd7 12. Ng5 Nb6 13. Qb3 Nc6 14. Nd5 Nxd5 15. exd5 Nd4 16. Qd3 h6 17. Qg6+ Kf8 18. Qh5 Kg8 19. Ne4 Qf7 20. Qd1 Qg6 21. Qd3 Bb6 22. a4 Rf8 23. Kh1 c6 24. a5 Bd8 25. c4 Kh7 26. Ra3 Rf7 27. Be3 cxd5 28. cxd5 Nb5 29. Rb3 a6 30. Qb1 Rhf8 31. Bb6 Be7 32. Rg3 Qf5 33. Be3 Kh8 34. Rc1 Rc8 35. Rxc8+ Qxc8 36. h3 Rf8 37. Rg6 Qf5 38. Re6 Rf7 39. Qc2 Nd4 40. Bxd4 exd4 41. Qc8+ Kh7 42. Qxb7 Bf8 43. Qb3 Rc7 44. g4 Qf4 45. Kg2 Rc1 46. Qd3 Kg8 47. Nf6+ Kf7 48. Nh5 1-0

[Event "JUG Cup"]
[Site "Ulcinj"]
[Date "1997.??.??"]
[Round "?"]
[White "Shchekachev, Andrei"]
[Black "Matulovic, Milan"]
[Result "1-0"]
[WhiteElo "2520"]
[BlackElo "2440"]
[PlyCount "119"]
[EventDate "1997.??.??"]
[Source "www.chesslib.no"]
[SourceDate "2004.05.04"]

1. e4 e5 2. Nf3 Nc6 3. Bb5 f5 4. Bxc6 dxc6 5. Nc3 Nf6 6. Qe2 Bd6 7. exf5 O-O 8. d3 Bxf5 9. Bg5 Qe8 10. Bxf6 gxf6 11. O-O-O Qf7 12. Kb1 Bg4 13. h3 Bxf3 14. Qxf3 f5 15. Rde1 Rae8 16. Nd1 Kh8 17. Ne3 e4 18. dxe4 fxe4 19. Qxf7 Rxf7 20. Re2 Bc5 21. Nd1 Rg8 22. g4 Rgf8 23. Rxe4 Bxf2 24. Nxf2 Rxf2 25. b3 R8f7 26. Re8+ Rf8 27. Rhe1 Kg7 28. R1e7+ R8f7 29. Rxf7+ Rxf7 30. Ra8 a6 31. Ra7 b6 32. Rxa6 Kf6 33. a4 Ke5 34. a5 bxa5 35. Rxc6 Rf3 36. Rh6 Rf7 37. Rh5+ Kd4 38. Rxa5 c5 39. Kb2 Rf3 40. h4 h6 41. Ra4+ Kd5 42. Ra6 Rf4 43. Rxh6 Rxg4 44. c4+ Ke5 45. Rh5+ Kd6 46. Ka3 Rg8 47. Rd5+ Kc6 48. Rd1 Ra8+ 49. Kb2 Rh8 50. Rh1 Rh5 51. Kc3 Kb6 52. Kd3 Kc6 53. Ke4 Kd6 54. Kf4 Ke6 55. Kg4 Rh8 56. h5 Rg8+ 57. Kf4 Rf8+ 58. Ke4 Rd8 59. h6 Kf7 60. h7 1-0

[Event "Meurthe et Moselle GM"]
[Site "Nancy FRA"]
[Date "2007.02.19"]
[Round "1"]
[White "Okhotnik, V."]
[Black "Marzolo, C."]
[Result "1-0"]
[WhiteElo "2486"]
[BlackElo "2472"]
[PlyCount "69"]
[EventDate "2007.02.19"]
[Source "www.chesslib.no"]
[SourceDate "2004.05.04"]

1. e4 e5 2. Nf3 Nc6 3. Bb5 f5 4. d3 fxe4 5. dxe4 Nf6 6. O-O Bc5 7. Bxc6 bxc6 8. Nxe5 O-O 9. Nd3 Nxe4 10. Nxc5 Nxc5 11. Be3 Ne4 12. Nd2 Nf6 13. Re1 d6 14. Qf3 Nd5 15. Qg3 Bf5 16. Bg5 Qd7 17. c4 Nf6 18. Re3 Rae8 19. Rae1 Rxe3 20. Rxe3 c5 21. h3 a5 22. Kh2 a4 23. Qf3 Bg4 24. Qb7 Bf5 25. Nf1 Bb1 26. Bxf6 Rxf6 27. Qd5+ Rf7 28. Rf3 Kf8 29. Nd2 Bg6 30. b3 axb3 31. Rxb3 Rxf2 32. Rb8+ Ke7 33. Nf3 Qe6 34. Qg5+ Kd7 35. Rd8+ 1-0

[Event "Villeneuve Tolosane FRA"]
[Site "?"]
[Date "2006.02.28"]
[Round "2.3"]
[White "Petrov Marijan"]
[Black "Karpatchev Aleksandr"]
[Result "1-0"]
[WhiteElo "2425"]
[BlackElo "2530"]
[PlyCount "103"]
[EventDate "2006.??.??"]
[Source "www.chesslib.no"]
[SourceDate "2004.05.04"]

1. e4 e5 2. Nf3 Nc6 3. Bb5 f5 4. Bxc6 dxc6 5. Nc3 Nf6 6. Qe2 fxe4 7. Nxe4 Bg4 8. h3 Bh5 9. d3 Be7 10. g4 Bg6 11. Neg5 Qd5 12. Qxe5 O-O 13. O-O Bd6 14. Qe6+ Bf7 15. Qxd5 Bxd5 16. Nd2 Rae8 17. c4 Bf7 18. Nxf7 Rxf7 19. Nb3 h5 20. g5 Nd7 21. d4 Nf8 22. Bd2 Ng6 23. Rae1 Ref8 24. Re4 b6 25. Be3 Bf4 26. Nd2 Rf5 27. Re6 Rxg5+ 28. Kh1 Nh4 29. Rg1 Bxe3 30. fxe3 Rxg1+ 31. Kxg1 Rf6 32. Rxf6 gxf6 33. Kf2 Kf7 34. Nf3 Nf5 35. b3 Nd6 36. Nd2 Kg6 37. Kf3 Kg5 38. Ne4+ Nxe4 39. Kxe4 Kh4 40. Kf3 f5 41. Kg2 b5 42. a4 bxa4 43. bxa4 a5 44. Kh2 c5 45. d5 Kg5 46. Kg3 h4+ 47. Kf3 Kg6 48. Kf4 Kf6 49. e4 fxe4 50. Kxe4 Kg6 51. Ke5 Kg5 52. Ke6 1-0

[Event "Capablanca mem-B"]
[Site "Matanzas"]
[Date "1992.??.??"]
[Round "13"]
[White "Garcia, Gildardo"]
[Black "Antunes, Antonio"]
[Result "0-1"]
[WhiteElo "2485"]
[BlackElo "2465"]
[PlyCount "118"]
[EventDate "1992.05.??"]
[Source "ChessBase"]

1. e4 e5 2. Nf3 Nc6 3. Bb5 f5 4. d3 fxe4 5. dxe4 Nf6 6. O-O Bc5 7. Qe2 d6 8. a4 Qe7 9. c3 a5 10. Bc4 Nd8 11. Nbd2 Ne6 12. Nb3 Bb6 13. Kh1 O-O 14. Nh4 Kh8 15. Nf5 Qe8 16. f3 Nh5 17. g3 Bd7 18. Be3 Bxe3 19. Nxe3 Nf6 20. Nd2 Nc5 21. b3 Qh5 22. Rf2 Rae8 23. Rg1 Be6 24. h4 Qf7 25. Rh2 Bxc4 26. Nexc4 b6 27. Re1 d5 28. exd5 e4 29. f4 Qxd5 30. Rg2 Nd3 31. Rf1 Qd7 32. Ne3 Nd5 33. Nxd5 Qxd5 34. Qe3 Nc5 35. Re2 Qe6 36. Kh2 Nxb3 37. f5 Nxd2 38. Qxd2 Rxf5 39. Rxf5 Qxf5 40. Qf4 Qxf4 41. gxf4 g6 42. Kg2 Kg7 43. Kf1 Kf6 44. Rd2 e3 45. Rd4 e2+ 46. Ke1 h5 47. c4 Re7 48. c5 Kf5 49. cxb6 cxb6 50. Rd5+ Kxf4 51. Rd6 g5 52. hxg5 h4 53. Rxb6 h3 54. Rh6 Kg3 55. g6 h2 56. Rh5 Kg2 57. Rg5+ Kf3 58. Rh5 Kg3 59. Rg5+ Kh4 0-1

[Event "Dr J. Bannet Memorial 8690"]
[Site "Dr J. Bannet Memorial 8690"]
[Date "1991.??.??"]
[Round "?"]
[White "Wolny, Ryszard"]
[Black "Mallee, Ralph"]
[Result "0-1"]
[WhiteElo "2445"]
[BlackElo "2505"]
[PlyCount "60"]
[EventDate "1991.??.??"]
[Source "www.chesslib.no"]
[SourceDate "2004.05.04"]

1. e4 e5 2. Nf3 Nc6 3. Bb5 f5 4. d4 fxe4 5. Nxe5 Nxe5 6. dxe5 c6 7. Nc3 cxb5 8. Nxe4 d5 9. exd6 Nf6 10. Bg5 Qa5+ 11. Nc3 b4 12. Bxf6 gxf6 13. Nd5 b3+ 14. c3 Be6 15. Nc7+ Kd7 16. O-O Bxd6 17. Nxe6 Qe5 18. g3 Qxe6 19. Re1 Qf7 20. axb3 a6 21. b4 Kc7 22. Qd3 Rhe8 23. Rxe8 Rxe8 24. b5 axb5 25. Qxb5 Re5 26. Qd3 h5 27. Rd1 Qe6 28. b4 f5 29. Kg2 Be7 30. b5 Rc5 0-1

[Event "2nd Saipa Cup"]
[Site "Tehran"]
[Date "2004.09.13"]
[Round "1"]
[White "Moradiabadi, Elshan"]
[Black "Agamaliev, Gamil"]
[Result "1/2-1/2"]
[WhiteElo "2435"]
[BlackElo "2515"]
[PlyCount "100"]
[EventDate "2004.09.13"]
[Source "Roberto Alvarez"]
[SourceDate "2004.10.05"]

1. e4 e5 2. Nf3 Nc6 3. Bb5 f5 4. d3 Nf6 5. Nc3 fxe4 6. dxe4 Bb4 7. Qd3 d6 8. Bd2 Bxc3 9. Bxc3 Bd7 10. Bc4 Qe7 11. Nd2 Nd8 12. f4 exf4 13. O-O Nc6 14. Rxf4 Ne5 15. Qe3 Bc6 16. Bb3 b6 17. Nf3 O-O-O 18. Nd4 Bb7 19. Nf5 Qd7 20. Raf1 Kb8 21. h3 Rhf8 22. Ng3 Rfe8 23. Rf5 Qc6 24. Re1 Ned7 25. Qf2 a5 26. Rg5 a4 27. Bf7 Rxe4 28. Nxe4 Nxe4 29. Rxe4 Qxe4 30. Rxg7 Ne5 31. Bg8 h5 32. Bh7 Qd5 33. a3 Re8 34. Rg3 Ka7 35. Qd4 Qc6 36. Qf2 Re7 37. Bd3 Nxd3 38. cxd3 Qe8 39. Rg7 Re2 40. Qf4 Qc6 41. Qf3 Qxc3 42. bxc3 Bxf3 43. gxf3 Kb7 44. f4 Re3 45. f5 Rxd3 46. Kg2 Rxc3 47. f6 Rc5 48. Rg3 Rf5 49. Rf3 Rg5+ 50. Rg3 Rf5 1/2-1/2

[Event "Thessaloniki ol (Men)"]
[Site "Thessaloniki GRE"]
[Date "1988.??.??"]
[Round "13"]
[White "Spassky, Boris Vasily"]
[Black "Antunes, Antonio"]
[Result "1/2-1/2"]
[WhiteElo "2560"]
[BlackElo "2390"]
[PlyCount "33"]
[EventDate "1988.11.??"]
[Source "www.chesslib.no"]
[SourceDate "2004.05.04"]

1. e4 e5 2. Nf3 Nc6 3. Bb5 f5 4. d3 fxe4 5. dxe4 Nf6 6. O-O Bc5 7. Bxc6 bxc6 8. Nxe5 O-O 9. Bg5 Qe8 10. Bxf6 Rxf6 11. Nd3 Bd4 12. Nd2 d6 13. Qe2 Qg6 14. Kh1 Ba6 15. Rab1 Raf8 16. f3 Qg5 17. Rfd1 1/2-1/2

[Event "Kiel"]
[Site "Kiel GER"]
[Date "1979.??.??"]
[Round "11"]
[White "Schneider, Lars-Ake"]
[Black "Parma, Bruno"]
[Result "1/2-1/2"]
[WhiteElo "2420"]
[BlackElo "2530"]
[PlyCount "30"]
[EventDate "1979.??.??"]
[Source "www.chesslib.no"]
[SourceDate "2004.05.04"]

1. e4 e5 2. Nf3 Nc6 3. Bb5 f5 4. d3 fxe4 5. dxe4 Nf6 6. O-O Bc5 7. Bxc6 bxc6 8. Nxe5 O-O 9. Nc3 d6 10. Nd3 Bd4 11. Ne2 Bb6 12. Ng3 Ng4 13. Nf5 Bxf5 14. exf5 Qh4 15. h3 Nf6 1/2-1/2

[Event "Calcutta"]
[Site "Calcutta IND"]
[Date "1986.??.??"]
[Round "?"]
[White "Thipsay, Praveen Mahadeo"]
[Black "Inkiov, Ventzislav V"]
[Result "1/2-1/2"]
[WhiteElo "2485"]
[BlackElo "2465"]
[PlyCount "82"]
[EventDate "1986.02.??"]
[Source "www.chesslib.no"]
[SourceDate "2004.05.04"]

1. e4 e5 2. Nf3 Nc6 3. Bb5 f5 4. d3 fxe4 5. dxe4 Nf6 6. O-O Bc5 7. Nc3 O-O 8. Ng5 Kh8 9. Bc4 Qe8 10. Nd5 Bb6 11. Be3 Qg6 12. h4 h6 13. Nxf6 Rxf6 14. Qd5 Qe8 15. Bxb6 axb6 16. f4 Ra5 17. Qd3 d6 18. f5 Nd8 19. g4 c6 20. Rae1 h5 21. Qg3 hxg4 22. Qxg4 d5 23. exd5 cxd5 24. b4 Ra3 25. Bxd5 g6 26. Be6 Nxe6 27. fxe6 Bxe6 28. Nxe6 Qxe6 29. Qg5 Rf5 30. Rxf5 Qxf5 31. Qxf5 gxf5 32. Rxe5 Rxa2 33. Rxf5 Rxc2 34. Rf7 Rc4 35. Rxb7 Rxb4 36. h5 b5 37. Kf1 Rb2 38. Ke1 b4 39. Kd1 b3 40. Kc1 Rh2 41. Rxb3 Rxh5 1/2-1/2

[Event "It (cat.7)"]
[Site "Alushta (Ukraine)"]
[Date "2007.06.11"]
[Round "12"]
[White "Tukhaev Adam (UKR)"]
[Black "Annageldyev Orazly (TKM)"]
[Result "1/2-1/2"]
[WhiteElo "2466"]
[BlackElo "2480"]
[PlyCount "32"]
[EventDate "2007.??.??"]
[Source "www.chesslib.no"]
[SourceDate "2004.05.04"]

1. e4 e5 2. Nf3 Nc6 3. Bb5 f5 4. d3 fxe4 5. dxe4 Bb4+ 6. c3 Bc5 7. b4 Bb6 8. Bc4 Qe7 9. Ng5 Nf6 10. Bf7+ Kf8 11. Bd5 d6 12. h3 Nxb4 13. cxb4 Bd4 14. O-O Nxd5 15. exd5 h6 16. Nc3 hxg5 1/2-1/2

[Event "Guillermo Garcia mem-A"]
[Site "Santa Clara"]
[Date "1999.06.07"]
[Round "13"]
[White "Dominguez, Lenier"]
[Black "Gomez, Felix"]
[Result "1-0"]
[WhiteElo "2479"]
[BlackElo "2463"]
[PlyCount "71"]
[EventDate "1999.05.??"]
[Source "ChessBase"]
[SourceDate "1999.07.10"]

1. e4 e5 2. Nf3 Nc6 3. Bb5 f5 4. d3 fxe4 5. dxe4 Nf6 6. O-O d6 7. Qd3 Be7 8. Qc4 Nd7 9. Nc3 Nb6 10. Qb3 Bd7 11. Nd5 Nxd5 12. exd5 Na5 13. Bxd7+ Qxd7 14. Qd3 b6 15. Be3 O-O 16. Nd2 Nb7 17. b4 a5 18. a3 h6 19. Ne4 Rf7 20. Rfc1 Bf8 21. c3 Qc8 22. Ra2 Qd8 23. Qb5 Qc8 24. Rac2 Qd8 25. Qe2 Qc8 26. c4 Qf5 27. Bd2 axb4 28. axb4 Qd7 29. Rc3 Kh8 30. Rg3 Qf5 31. h3 Qd7 32. Kh2 Qf5 33. Rcc3 Qd7 34. Rcf3 Rxf3 35. Qxf3 Qe7 36. Qh5 1-0

[Event "Sevilla Open"]
[Site "Seville ESP"]
[Date "1989.??.??"]
[Round "?"]
[White "Strikovic, Aleksa"]
[Black "Antunes, Antonio"]
[Result "1/2-1/2"]
[WhiteElo "2490"]
[BlackElo "2445"]
[PlyCount "37"]
[EventDate "1989.??.??"]
[Source "www.chesslib.no"]
[SourceDate "2004.05.04"]

1. e4 e5 2. Nf3 Nc6 3. Bb5 f5 4. d3 fxe4 5. dxe4 Nf6 6. O-O Bc5 7. Nc3 d6 8. Bg5 O-O 9. Na4 Bb6 10. Nxb6 axb6 11. Qd3 Kh8 12. c3 Qe8 13. Nd2 Qh5 14. Qg3 Qg6 15. Bh4 Qf7 16. Bc4 Be6 17. Bxf6 Qxf6 18. Bxe6 Qxe6 19. a3 1/2-1/2

[Event "Santa Clara"]
[Site "Santa Clara CUB"]
[Date "1990.??.??"]
[Round "7"]
[White "Zapata, Alonso"]
[Black "Antunes, Antonio"]
[Result "1-0"]
[WhiteElo "2480"]
[BlackElo "2445"]
[PlyCount "45"]
[EventDate "1990.02.??"]
[Source "www.chesslib.no"]
[SourceDate "2004.05.04"]

1. e4 e5 2. Nf3 Nc6 3. Bb5 f5 4. d3 fxe4 5. dxe4 Nf6 6. O-O Bc5 7. Qe2 d6 8. c3 a5 9. a4 Bg4 10. Nbd2 Ba7 11. Bc4 Nh5 12. Bd5 Nf4 13. Qb5 Bb6 14. Nc4 Bxf3 15. Bxf4 Bxg2 16. Bxc6+ bxc6 17. Qxc6+ Kf7 18. Qd5+ Kf8 19. Kxg2 exf4 20. Nxb6 cxb6 21. Rad1 Ke7 22. e5 dxe5 23. Qxe5+ 1-0

[Event "Moscow3"]
[Site "Moscow RUS"]
[Date "1992.??.??"]
[Round "?"]
[White "Kuzmin, Gennadi P"]
[Black "Yilmaz, Turhan"]
[Result "1-0"]
[WhiteElo "2535"]
[BlackElo "2390"]
[PlyCount "79"]
[EventDate "1992.??.??"]
[Source "www.chesslib.no"]
[SourceDate "2004.05.04"]

1. e4 e5 2. Nf3 Nc6 3. Bb5 f5 4. d3 fxe4 5. dxe4 Nf6 6. O-O Bc5 7. Nc3 d6 8. Be3 Bb6 9. Nd5 O-O 10. Ng5 Kh8 11. Bc4 Bg4 12. Qd2 Qd7 13. Bxb6 axb6 14. f4 h6 15. f5 Ra5 16. b4 hxg5 17. Qxg5 Nxb4 18. Qh4+ Bh5 19. Nxf6 Rxf6 20. Qxh5+ Rh6 21. Qe2 Nc6 22. c3 Ra3 23. Rf3 Qe7 24. Raf1 Qf6 25. Rg3 Ne7 26. Rff3 c6 27. Qb2 Ra4 28. Be6 b5 29. Qd2 Rxe4 30. Qxd6 Re1+ 31. Kf2 e4 32. Kxe1 exf3 33. Rxf3 Kh7 34. h3 Qg5 35. Kf2 Nd5 36. Qf8 Nf6 37. Re3 Qh4+ 38. Ke2 Qg5 39. g4 Qf4 40. Bf7 1-0

[Event "Tunis op"]
[Site "Tunis"]
[Date "1997.??.??"]
[Round "1"]
[White "Al Modiahki, Mohamad"]
[Black "Bezgodov, Alexei"]
[Result "1-0"]
[WhiteElo "2380"]
[BlackElo "2545"]
[PlyCount "37"]
[EventDate "1997.??.??"]
[Source "www.chesslib.no"]
[SourceDate "2004.05.04"]

1. e4 e5 2. Nf3 Nc6 3. Bb5 f5 4. d3 fxe4 5. dxe4 Nf6 6. O-O d6 7. Qd3 Be7 8. Nc3 Qd7 9. Nd5 Bd8 10. Rd1 a6 11. Ba4 b5 12. Bb3 Na5 13. Nxe5 dxe5 14. Qc3 b4 15. Qxe5+ Kf8 16. Ne3 Qe7 17. Qxa5 Bb7 18. Nf5 Qxe4 19. f3 1-0

[Event "Bayamo"]
[Site "Bayamo"]
[Date "1990.??.??"]
[Round "9"]
[White "Zapata, Alonso"]
[Black "Antunes, Antonio"]
[Result "1-0"]
[WhiteElo "2480"]
[BlackElo "2445"]
[PlyCount "111"]
[EventDate "1990.04.??"]
[Source "ChessBase"]

1. e4 e5 2. Nf3 Nc6 3. Bb5 f5 4. d3 fxe4 5. dxe4 Nf6 6. Bg5 Be7 7. Nc3 O-O 8. O-O d6 9. Nd5 Kh8 10. Nxe7 Qxe7 11. Qd3 Qf7 12. Bxc6 bxc6 13. Nd2 Qg6 14. f4 exf4 15. Bxf4 Bd7 16. Rae1 Rae8 17. Qg3 Qxg3 18. Bxg3 Kg8 19. e5 Nh5 20. Rxf8+ Kxf8 21. Bf2 a6 22. Nc4 Be6 23. Na5 Bxa2 24. Nxc6 Bd5 25. Nb4 Bb7 26. Nd3 g5 27. Be3 h6 28. h4 gxh4 29. exd6 cxd6 30. Bxh6+ Kf7 31. Rxe8 Kxe8 32. Bg5 Be4 33. Kf2 h3 34. gxh3 Ng7 35. Ke2 Bg2 36. h4 Ne6 37. Bf4 Ke7 38. h5 Kf6 39. Bxd6 Kg5 40. Be7+ Kxh5 41. Ne5 Ng7 42. Kd3 Nf5 43. Bd8 Nh6 44. Kd4 Ng4 45. Nd3 Kh6 46. Nc5 Bf1 47. c4 Nh2 48. Nxa6 Nf3+ 49. Kc3 Kg6 50. Bc7 Kf5 51. b4 Ng5 52. b5 Ne4+ 53. Kb4 Ke6 54. b6 Nd6 55. Bxd6 Kxd6 56. b7 1-0

[Event "Orel2"]
[Site "Orel"]
[Date "1994.??.??"]
[Round "1"]
[White "Kazhgaleyev, Murtas"]
[Black "Lunev, Andrey"]
[Result "0-1"]
[WhiteElo "2490"]
[BlackElo "2430"]
[PlyCount "76"]
[EventDate "1994.??.??"]
[Source "www.chesslib.no"]
[SourceDate "2004.05.04"]

1. e4 e5 2. Nf3 Nc6 3. Bb5 f5 4. d3 d6 5. O-O fxe4 6. dxe4 Nf6 7. Qd3 Bg4 8. Nbd2 a6 9. h3 axb5 10. hxg4 Nxg4 11. Qxb5 Qc8 12. Nc4 Be7 13. Qb3 Nd8 14. Ne3 Nxe3 15. Bxe3 Ne6 16. g3 O-O 17. Kg2 Kh8 18. Rh1 Nf4+ 19. Bxf4 exf4 20. Rh3 fxg3 21. Rah1 h6 22. Rxg3 Rf4 23. Qe3 Rg4 24. Nd4 Bg5 25. Qf3 Rxg3+ 26. Kxg3 Qe8 27. Nf5 Qe5+ 28. Kg2 Rxa2 29. Nh4 Bxh4 30. Rxh4 Rxb2 31. Rh5 Qf6 32. Rf5 Qg6+ 33. Kh3 Rb1 34. Rf8+ Kh7 35. Rc8 Rb5 36. Kh4 Qg1 37. e5 Qh2+ 38. Kg4 h5+ 0-1

[Event "JUG-ch"]
[Site "Novi Sad"]
[Date "1995.??.??"]
[Round "?"]
[White "Velimirovic, Dragoljub"]
[Black "Ristic, Nenad"]
[Result "0-1"]
[WhiteElo "2520"]
[BlackElo "2395"]
[PlyCount "76"]
[EventDate "1995.02.??"]
[Source "ChessBase"]

1. e4 e5 2. Nf3 Nc6 3. Bb5 f5 4. Bxc6 dxc6 5. Nc3 Nf6 6. Qe2 fxe4 7. Nxe4 Bg4 8. d3 Qd5 9. h3 Bxf3 10. Qxf3 Bb4+ 11. c3 Be7 12. Bg5 O-O-O 13. Bxf6 gxf6 14. Ke2 Kb8 15. Rhd1 h5 16. Qf5 h4 17. g4 hxg3 18. fxg3 a5 19. h4 a4 20. h5 Bc5 21. Rd2 Bb6 22. g4 Rh6 23. b3 Rg8 24. Rf1 Bc5 25. bxa4 Be7 26. Rb1 Rd8 27. Rb3 b6 28. c4 Qa5 29. Qe6 Bf8 30. Rdb2 f5 31. Qxf5 Qxa4 32. Qxe5 Kb7 33. Qf5 Ba3 34. Rd2 Re8 35. Qf7 Rf8 36. Qg7 Re6 37. Kd1 Rf1+ 38. Kc2 Rc1# 0-1

[Event "Vrnjacka Banja"]
[Site "Vrnjacka Banja"]
[Date "1982.??.??"]
[Round "9"]
[White "Nikolic, Zivoslav"]
[Black "Simic, Radoslav"]
[Result "1-0"]
[WhiteElo "2430"]
[BlackElo "2485"]
[PlyCount "79"]
[EventDate "1982.04.??"]
[Source "ChessBase"]

1. e4 e5 2. Nf3 Nc6 3. Bb5 f5 4. d3 fxe4 5. dxe4 Nf6 6. O-O Bc5 7. Bxc6 bxc6 8. Nxe5 O-O 9. Nc3 d6 10. Nd3 Bd4 11. Ne2 Bb6 12. Ng3 Ng4 13. Nh1 Qh4 14. h3 Nf6 15. e5 Nd5 16. Kh2 Bf5 17. exd6 Nf6 18. Kg1 Bg4 19. Qe1 Rae8 20. Qb4 Re4 21. Qb3+ Be6 22. Qa3 Ra4 23. Qc3 Bd4 24. Qe1 Bxh3 25. gxh3 Qxh3 26. Nf4 Qg4+ 27. Ng2 cxd6 28. c3 Be5 29. f4 Qh3 30. Qg3 Qh5 31. fxe5 dxe5 32. b4 c5 33. Bg5 Ra6 34. Qxe5 Re8 35. Qxc5 Ne4 36. Qd5+ Rae6 37. Rf8+ Rxf8 38. Qxe6+ Kh8 39. Qxe4 Qxg5 40. Rf1 1-0

[Event "Calviá ol (Men)"]
[Site "Mallorca"]
[Date "2004.10.17"]
[Round "3.26"]
[White "Zhigalko, Andrey"]
[Black "Seitaj, Ilir"]
[Result "1-0"]
[WhiteElo "2515"]
[BlackElo "2398"]
[PlyCount "69"]
[EventDate "2004.10.15"]
[Source "Roberto Alvarez"]
[SourceDate "2004.10.18"]

1. e4 e5 2. Nf3 Nc6 3. Bb5 f5 4. Qe2 fxe4 5. Qxe4 Nf6 6. Qe2 Bd6 7. d4 e4 8. c3 Qe7 9. Nh4 a6 10. Ba4 Qe6 11. Bb3 Qg4 12. Qxg4 Nxg4 13. Nf5 Rf8 14. Nxd6+ cxd6 15. O-O Na5 16. Bd5 Nf6 17. c4 Nc6 18. Nc3 Nxd4 19. Rd1 Nxd5 20. Nxd5 Ne6 21. Nb6 Rb8 22. Be3 Ke7 23. Rd2 Nc7 24. Rad1 d5 25. cxd5 d6 26. Rc1 Na8 27. Bg5+ Kf7 28. Nc4 Bd7 29. Nxd6+ Kg6 30. Be3 b5 31. Nxe4 Rfc8 32. Rxc8 Rxc8 33. f3 Rc1+ 34. Kf2 Nc7 35. Nc5 1-0

[Event "Capablanca mem-B"]
[Site "Cienfuegos"]
[Date "1985.??.??"]
[Round "13"]
[White "Pecorelli Garcia, Humberto"]
[Black "Tatai, Stefano"]
[Result "1/2-1/2"]
[WhiteElo "2435"]
[BlackElo "2475"]
[PlyCount "33"]
[EventDate "1985.??.??"]
[Source "ChessBase"]

1. e4 e5 2. Nf3 Nc6 3. Bb5 f5 4. d4 fxe4 5. Nxe5 Nxe5 6. dxe5 c6 7. Nc3 cxb5 8. Nxe4 d5 9. exd6 Nf6 10. Qd4 Nxe4 11. Qxe4+ Kf7 12. Qd5+ Kg6 13. g4 h6 14. Qe4+ Kf7 15. Qd5+ Kg6 16. Qe4+ Kf7 17. Qd5+ 1/2-1/2

[Event "Sudak"]
[Site "Sudak"]
[Date "2002.08.12"]
[Round "13"]
[White "Kuzmin, Gennadi P"]
[Black "Kulicov, Oleg Anatolie"]
[Result "1/2-1/2"]
[WhiteElo "2512"]
[BlackElo "2397"]
[PlyCount "36"]
[EventDate "2002.08.02"]
[Source "ChessBase"]
[SourceDate "2002.09.11"]

1. e4 e5 2. Nf3 Nc6 3. Bb5 f5 4. d3 fxe4 5. dxe4 Nf6 6. O-O Bc5 7. Qd3 d6 8. Nc3 Bg4 9. h3 Bxf3 10. Qxf3 O-O 11. Bxc6 bxc6 12. Na4 Bb6 13. Qe2 Qe8 14. Bd2 Nh5 15. Nxb6 axb6 16. a4 c5 17. b3 Nf4 18. Bxf4 Rxf4 1/2-1/2

[Event "Chesspangenberg"]
[Site "Buenos Aires"]
[Date "2003.11.07"]
[Round "4.7"]
[White "Zarnicki, Pablo"]
[Black "Garbarino, Rodolfo"]
[Result "1-0"]
[WhiteElo "2513"]
[BlackElo "2393"]
[PlyCount "117"]
[EventDate "2003.11.04"]
[Source "Roberto Alvarez"]
[SourceDate "2003.11.17"]

1. e4 e5 2. Nf3 Nc6 3. Bb5 f5 4. Bxc6 dxc6 5. Nc3 Nf6 6. Qe2 fxe4 7. Nxe4 Bg4 8. h3 Bxf3 9. Qxf3 Qd5 10. d3 Bb4+ 11. c3 Be7 12. Bg5 O-O-O 13. Bxf6 gxf6 14. Ke2 h5 15. b3 h4 16. g4 Qe6 17. Rhg1 Rdf8 18. Qf5 Kd7 19. Qxe6+ Kxe6 20. Raf1 Bd6 21. f4 exf4 22. Nxd6 cxd6 23. Rxf4 Rhg8 24. Rgf1 Rg5 25. Rf5 Rf7 26. Ke3 d5 27. Kd4 Rxf5 28. Rxf5 Kd6 29. Ke3 c5 30. Rh5 Re7+ 31. Kd2 d4 32. cxd4 cxd4 33. Rxh4 Ke5 34. Rh5+ Kf4 35. Rf5+ Kg3 36. Rxf6 Kxh3 37. Rf4 Rd7 38. a4 Kg3 39. Re4 Kf3 40. b4 a6 41. a5 Rd6 42. Kc2 Rc6+ 43. Kb2 b6 44. axb6 Rxb6 45. Ka3 Rd6 46. Kb3 Rc6 47. Rxd4 Ke3 48. Rd5 Rc1 49. g5 Kd2 50. g6 Rb1+ 51. Kc4 Rc1+ 52. Kd4 Rg1 53. Rd6 Rg4+ 54. Ke5 Rxb4 55. Rxa6 Kxd3 56. Ra3+ Ke2 57. g7 Rg4 58. Kf6 Rg1 59. Ra8 1-0